00812nam a2200217 a 450000100100000000500170001000800410002702000150006804000250008308200150010810000280012324500820015126000350023330000280026849000220029650000710031870000440038983000310043395201130046499900170057700004551220201002052306.0150413s2005 dr a 000 0 spa d z0965874343 aDO-SdBNPbspacBNPHU axxxxbxxxx1 aAragonés, Tony97356310aAroma de amor /cTony Aragonés ; edición al cuidado de Alejandro Santana. aSanto Domingo :bArgos,c2005. a113 p. :bil. ;c22 cm.1 aAroma de mujerv1 aIncluye datos biográficos del autor en la solapa de la cubierta.12aSantana, Alejandro Santana,eed.973564 0aAroma de mujer ;n1973565 0010718PDaPDbPDcHDd2015-04-13iLF1l0oxxxx xxxxp45512-10r2020-06-25w2020-06-25yLFPDZNo se presta c45001d45001